[Event "Challenge"]
[Site "http://www.queenalice.com/game.php?id=1370462"]
[Date "2015.7.7"]
[Round "-"]
[White "Tanatos"]
[Black "EdBrazil"]
[Result "1-0"]
[WhiteElo "1565"]
[BlackElo "1364"]

1. Nf3 d5 2. d4 Nc6 3. e3 e6 4. Ne5 Nxe5 5. dxe5 Ne7 6. Bd3 Nc6 7. e4 Nxe5 8.
exd5 Qxd5 9. Nc3 Qxg2 10. Be4 Qg4 11. Bf3 Nxf3+ 12. Kf1 Qc4+ 13. Kg2 Nh4+ 14.
Kg1 b6 15. Be3 Qc6 16. Qg4 Nf3+ 17. Kf1 Qc4+ 18. Qxc4 Be7 19. Qe4 Ba6+ 20. Nb5
Bxb5+ 21. c4 O-O 22. cxb5 Ng5 23. Bxg5 Bxg5 24. Rd1 Rad8 25. Rxd8 Rxd8 26. Kg2
g6 27. h4 Be7 28. Qb7 Rd2 29. Qxc7 Bc5 30. Qb8+ Kg7 31. Qe5+ Kg8 32. Rf1 Bd4 33.
Qf4 Rxb2 34. Qxd4 Rxb5 35. Rc1 e5 36. Qd8+ Kg7 37. Rc6 e4 38. Qf6+ Kh6 39. Qxf7
Rf5 40. Qxf5 1-0

[Event "AUTO-ADV-3454"]
[Site "http://www.queenalice.com/game.php?id=1371564"]
[Date "2015.7.14"]
[Round "1"]
[White "Tanatos"]
[Black "TITAN10"]
[Result "0-1"]
[WhiteElo "1540"]
[BlackElo "1844"]

1. e4 c5 2. Bc4 d6 3. Nf3 Nf6 4. O-O Bg4 5. h3 Bh5 6. d3 e6 7. g4 Bg6 8. e5 dxe5
9. Nxe5 Bd6 10. Nxg6 hxg6 11. g5 Nfd7 12. Qe2 Nc6 13. c3 Rxh3 14. f4 Qe7 15. Kg2
Rh5 16. Na3 a6 17. Rh1 Rxh1 18. Kxh1 O-O-O 19. d4 Rh8+ 20. Kg2 b5 21. d5 Na5 22.
Bd3 c4 23. Be4 Nb7 24. dxe6 Qxe6 25. Qf3 Nbc5 26. b4 Qxe4 27. Qxe4 Nxe4 28. Nb1
Rh4 29. Bd2 Nxd2 30. Kg3 Rxf4 31. Kh3 Rf1 32. Kg2 Rxb1 0-1

[Event "AUTO-ADV-3454"]
[Site "http://www.queenalice.com/game.php?id=1371565"]
[Date "2015.7.14"]
[Round "1"]
[White "TITAN10"]
[Black "Tanatos"]
[Result "1-0"]
[WhiteElo "1834"]
[BlackElo "1532"]

1. e4 e5 2. Nf3 Nc6 3. Bb5 a6 4. Ba4 b5 5. Bb3 Nf6 6. d3 Bc5 7. h3 O-O 8. c3 a5
9. O-O a4 10. Bc2 d6 11. Bg5 h6 12. Bh4 b4 13. Nbd2 bxc3 14. bxc3 Ba6 15. Re1 g5
16. Bg3 a3 17. Nb3 g4 18. hxg4 Nxg4 19. Nxc5 dxc5 20. Nd2 h5 21. f3 h4 22. Bh2
Nxh2 23. Kxh2 Qg5 24. Qe2 Rab8 25. Bb3 Qf4+ 26. Kg1 Qg3 27. Nf1 Rbd8 28. Red1
Qg5 29. Qe3 Qxe3+ 30. Nxe3 Na5 31. c4 Rb8 32. Rab1 Rb6 33. Nd5 Rb7 34. Bc2 Kg7
35. Rxb7 Nxb7 36. Nxc7 1-0

[Event "AUTO-ADV-3454"]
[Site "http://www.queenalice.com/game.php?id=1371566"]
[Date "2015.7.14"]
[Round "1"]
[White "Tanatos"]
[Black "betofortaleza"]
[Result "0-1"]
[WhiteElo "1577"]
[BlackElo "1860"]

1. e4 e5 2. Nf3 Nc6 3. Bc4 h6 4. O-O Bc5 5. Nc3 Nf6 6. d3 d6 7. a3 Bg4 8. h3 Bd7
9. b4 Bb6 10. Bb5 a6 11. Bxc6 Bxc6 12. a4 a5 13. b5 Bd7 14. Nd5 Qc8 15. Nxf6+
gxf6 16. Be3 Bxh3 17. gxh3 Qxh3 18. Nh2 Rg8+ 19. Kh1 Qg2# 0-1

[Event "AUTO-ADV-3454"]
[Site "http://www.queenalice.com/game.php?id=1371567"]
[Date "2015.7.14"]
[Round "1"]
[White "betofortaleza"]
[Black "Tanatos"]
[Result "1-0"]
[WhiteElo "1809"]
[BlackElo "1572"]

1. e4 e5 2. Bc4 d6 3. h3 a6 4. d3 b5 5. Bb3 c5 6. a3 Nc6 7. Bd5 Bb7 8. Qf3 Nh6
9. Bxh6 f6 10. Be3 a5 11. Ne2 b4 12. b3 bxa3 13. Nxa3 Rb8 14. Qf5 Be7 15. Nc4
Nb4 16. O-O Nxc2 17. Rxa5 Bxd5 18. Ra7 Nxe3 19. fxe3 Bxc4 20. bxc4 g6 21. Qe6
Kf8 22. Rxf6+ Kg7 23. Rxe7+ Kh6 24. g4 Kg5 25. Kg2 Rf8 26. h4+ Kxh4 27. Rxh7+
1-0

[Event "AUTO-INT-3035"]
[Site "http://www.queenalice.com/game.php?id=1375981"]
[Date "2015.8.6"]
[Round "1"]
[White "Alexx"]
[Black "Tanatos"]
[Result "1-0"]
[WhiteElo "1596"]
[BlackElo "1573"]

1. e4 e5 2. Nf3 Nc6 3. Nc3 Nf6 4. Bb5 Bb4 5. Bxc6 bxc6 6. Nxe5 O-O 7. Qf3 g5 8.
Qf5 d6 9. Qxg5+ Kh8 10. Nxc6 Nxe4 11. Qxd8 Rxd8 12. Nxd8 Kg8 13. Nxe4 Bd7 14.
Nf6+ Kg7 15. Nxd7 Rxd8 16. a3 Rxd7 17. axb4 Re7+ 18. Kd1 f5 19. d4 d5 20. Rxa7
h5 21. Bf4 1-0

[Event "AUTO-INT-3035"]
[Site "http://www.queenalice.com/game.php?id=1375982"]
[Date "2015.8.6"]
[Round "1"]
[White "Tanatos"]
[Black "Alexx"]
[Result "1-0"]
[WhiteElo "1528"]
[BlackElo "1546"]

1. e4 e5 2. Nf3 Nc6 3. Bc4 h6 4. O-O Nf6 5. d3 Bc5 6. h3 d6 7. Nc3 Nd4 8. Nxd4
Bxd4 9. Nd5 Nxd5 10. Bxd5 Bxh3 11. gxh3 Qh4 12. Qg4 Bxf2+ 13. Rxf2 Qxg4+ 14.
hxg4 O-O 15. Be3 c6 16. Bc4 b5 17. Bb3 a5 18. Raf1 a4 19. Bxf7+ Kh8 20. Bg6 Kg8
21. Rxf8+ Rxf8 22. Rf7 Rxf7 23. Bxf7+ Kxf7 24. Kf2 Kf6 25. b4 Kg6 26. Kg3 Kf7
27. Kh4 Kg6 28. Bb6 a3 29. Bc7 d5 30. Bxe5 Kf7 31. exd5 cxd5 32. c3 Ke6 33. Bxg7
d4 34. cxd4 Kd5 35. Kh5 Kd6 36. Kxh6 Kd5 37. g5 Ke6 38. g6 Kf5 39. Be5 1-0

[Event "AUTO-INT-3035"]
[Site "http://www.queenalice.com/game.php?id=1375993"]
[Date "2015.8.6"]
[Round "1"]
[White "sphagnis"]
[Black "Tanatos"]
[Result "1-0"]
[WhiteElo "1725"]
[BlackElo "1558"]

1. e4 e5 2. Nf3 Nc6 3. d4 exd4 4. Nxd4 Nxd4 5. Qxd4 c5 6. Qe3 Nf6 7. Bc4 d6 8.
Nc3 a6 9. h3 g6 10. O-O Be7 11. Qh6 b5 12. Qg7 Kd7 13. Qxf7 bxc4 14. Rd1 Bb7 15.
e5 d5 16. exf6 Rf8 17. Qxe7+ Qxe7 18. Nxd5 Rxf6 19. Nxe7+ Kxe7 20. Bg5 Kf7 21.
Rd7+ Ke6 22. Rxb7 Rf5 23. Re1+ Kd5 24. h4 Kc6 25. Rxh7 Raf8 26. Re2 a5 27. a4
Rd8 28. Bxd8 1-0

[Event "AUTO-INT-3035"]
[Site "http://www.queenalice.com/game.php?id=1375994"]
[Date "2015.8.6"]
[Round "1"]
[White "Tanatos"]
[Black "sphagnis"]
[Result "0-1"]
[WhiteElo "1549"]
[BlackElo "1734"]

1. e4 e5 2. Nf3 Nc6 3. Bc4 Bc5 4. Ng5 Qxg5 5. O-O Qf6 6. b3 Bd4 7. c3 Bc5 8. b4
Bb6 9. d4 exd4 10. Na3 a6 11. e5 Nxe5 12. Re1 Ne7 13. Qxd4 Bxd4 14. cxd4 Nxc4
15. Nxc4 Qxd4 16. Nb2 Qxb4 17. Nd3 Qc3 18. Bg5 f6 19. Be3 Qxd3 20. Bc5 d6 21.
Rad1 Qc2 22. Bd4 Qxa2 23. Rc1 c5 24. Be3 O-O 25. Bf4 Nf5 26. Rcd1 Nd4 27. Rd2
Qd5 28. Be3 Re8 0-1

[Event "AUTO-INT-3035"]
[Site "http://www.queenalice.com/game.php?id=1375999"]
[Date "2015.8.6"]
[Round "1"]
[White "botafoguense"]
[Black "Tanatos"]
[Result "1-0"]
[WhiteElo "1658"]
[BlackElo "1545"]

1. e3 Nc6 2. c3 g6 3. b3 e6 4. Nf3 a5 5. Be2 b6 6. Bb2 Ba6 7. Bxa6 Rxa6 8. c4 f6
9. Nc3 g5 10. h3 Ne5 11. Nb5 Nd3+ 12. Kf1 Nxb2 13. Qc2 Nxc4 14. Qxc4 f5 15.
Nxc7+ Ke7 16. Nxa6 g4 17. hxg4 fxg4 18. Qxg4 Nf6 19. Qg5 Rg8 20. Rxh7+ Ke8 21.
Nc7+ Qxc7 22. Qxf6 Qd6 23. Qf7+ Kd8 24. Qxg8 Qd3+ 25. Ke1 Qf5 26. Rf7 1-0

[Event "AUTO-INT-3035"]
[Site "http://www.queenalice.com/game.php?id=1376000"]
[Date "2015.8.6"]
[Round "1"]
[White "Tanatos"]
[Black "botafoguense"]
[Result "0-1"]
[WhiteElo "1570"]
[BlackElo "1657"]

1. e4 d6 2. Bc4 e6 3. Nf3 Nd7 4. O-O f6 5. Bxe6 Ne5 6. Nxe5 dxe5 7. d3 Bxe6 8.
Nc3 c6 9. a4 Qd7 10. a5 O-O-O 11. Be3 Bb4 12. Na4 b5 13. Nc5 Bxc5 14. Bxc5 a6
15. c4 Ne7 16. Bb6 Rde8 17. cxb5 cxb5 18. Qc2+ Kb7 19. Rac1 Rc8 20. Qd2 Nc6 21.
Rc2 Qd6 22. Rfc1 Bd7 23. Qe3 Nd4 24. Rxc8 Rxc8 25. Rxc8 Kxc8 26. Qc1+ Bc6 27.
Qe3 Qb4 28. f4 Qxb2 29. fxe5 fxe5 30. Qh3+ Bd7 31. Qe3 Ne2+ 32. Kf2 Nf4+ 33. Kg3
Qxg2+ 34. Kh4 Qg4# 0-1

[Event "AUTO-INT-2998"]
[Site "http://www.queenalice.com/game.php?id=1381032"]
[Date "2015.9.3"]
[Round "3"]
[White "hoff"]
[Black "Tanatos"]
[Result "1-0"]
[WhiteElo "2040"]
[BlackElo "1534"]

1. d4 d5 2. c4 dxc4 3. Nc3 Nf6 4. e4 Bg4 5. f3 Bh5 6. Bxc4 a6 7. a4 e6 8. g4 Bg6
9. h4 Bb4 10. Ne2 Bxe4 11. fxe4 Nxe4 12. Bd3 Nxc3 13. bxc3 Bxc3+ 14. Nxc3 Qxd4
15. Bb5+ axb5 16. Qxd4 O-O 17. Nxb5 Na6 18. Bb2 e5 19. Qe4 Nc5 20. Qd5 Na6 21.
O-O c6 22. Qxe5 f6 23. Qe6+ Kh8 24. Nd6 Nc7 25. Qd7 Nd5 26. g5 Rac8 27. Nxc8 1-0

[Event "AUTO-INT-2998"]
[Site "http://www.queenalice.com/game.php?id=1381033"]
[Date "2015.9.3"]
[Round "3"]
[White "Tanatos"]
[Black "hoff"]
[Result "0-1"]
[WhiteElo "1563"]
[BlackElo "2042"]

1. e4 d6 2. Nf3 Nf6 3. e5 dxe5 4. Nxe5 e6 5. Bc4 Bd6 6. d4 O-O 7. O-O c5 8. dxc5
Bxc5 9. Bg5 Nc6 10. Nxc6 Qxd1 11. Ne7+ Bxe7 12. Rxd1 h6 13. Bxf6 Bxf6 14. c3 a6
15. Na3 b5 16. Be2 Bb7 17. Rd7 Bd5 18. Rd1 Bxa2 19. Bf3 Rad8 20. Rxd8 Rxd8 21.
Rxd8+ Bxd8 22. Nc2 a5 23. Nd4 Bc4 24. b3 Bd3 25. Nc6 Bb6 26. Ne7+ Kf8 27. Nc8
Bc5 28. g3 Bc2 29. b4 axb4 30. cxb4 Bxb4 31. Nb6 Ba5 32. Nd7+ Ke7 0-1

[Event "AUTO-INT-2998"]
[Site "http://www.queenalice.com/game.php?id=1381036"]
[Date "2015.9.3"]
[Round "3"]
[White "Tanatos"]
[Black "ThiagoSousa"]
[Result "0-1"]
[WhiteElo "1576"]
[BlackElo "1608"]

1. e4 c5 2. Nf3 Nc6 3. Bc4 e6 4. O-O Bd6 5. d3 Nge7 6. Bg5 Qb6 7. b3 Be5 8. c3
f6 9. Bh4 Ng6 10. a4 Nxh4 11. Nxh4 Nb4 12. a5 Qd6 13. Nf3 Nc6 14. Bb5 a6 15.
Bxc6 Qxc6 16. Nbd2 Bxc3 17. Rc1 Bxd2 18. Qxd2 Qb5 19. Qc3 O-O 20. e5 Qb4 21.
Qxc5 Qxc5 22. Rxc5 fxe5 23. Nd2 d6 24. Rc7 Rf4 25. Nc4 Rd4 26. Nb6 Rb8 27. Nxc8
Rxd3 28. Rfc1 d5 29. Ne7+ Kf8 30. Rc8+ Rxc8 31. Nxc8 Rxb3 32. Nd6 b5 33. Rc7 h6
34. g3 d4 35. Rf7+ Kg8 36. Re7 d3 37. Ne4 Rb4 38. Nd2 Rb2 39. Ne4 d2 40. Rd7 Ra2
41. Rxd2 Rxd2 42. Nxd2 Kf7 43. Nb3 Kf6 0-1

[Event "AUTO-INT-2998"]
[Site "http://www.queenalice.com/game.php?id=1381037"]
[Date "2015.9.3"]
[Round "3"]
[White "ThiagoSousa"]
[Black "Tanatos"]
[Result "0-1"]
[WhiteElo "1627"]
[BlackElo "1557"]

1. e4 e5 2. Nf3 Nc6 3. d3 Bd6 4. Be2 Nf6 5. Bg5 h6 6. Bxf6 Qxf6 7. Nc3 Nd4 8.
Nxd4 exd4 9. Nd5 Qg5 10. O-O Qe5 11. g3 c6 12. Nb4 Bxb4 13. f4 Qb5 14. c3 dxc3
15. d4 Qb6 16. bxc3 Bxc3 17. Rb1 Qxd4+ 18. Qxd4 Bxd4+ 19. Kg2 O-O 20. Rfd1 c5
21. Bf3 f6 22. e5 fxe5 23. Bxb7 Bxb7+ 24. Rxb7 exf4 25. Rxd7 fxg3 26. Kxg3 Rad8
27. Rxd8 Rxd8 28. Rc1 Rf8 29. h4 Rf2 30. a4 Ra2 31. Rc4 h5 32. Kf3 Rh2 33. a5
Rxh4 34. Ke2 Rg4 35. Kd3 h4 36. Rc2 h3 37. Rh2 c4+ 38. Kxc4 Bg1+ 39. Kb5 Bxh2
40. Ka6 Rb4 41. Kxa7 Bg3 42. a6 h2 0-1

[Event "AUTO-INT-2999"]
[Site "http://www.queenalice.com/game.php?id=1381512"]
[Date "2015.9.5"]
[Round "2"]
[White "valdekovic"]
[Black "Tanatos"]
[Result "0-1"]
[WhiteElo "1608"]
[BlackElo "1532"]

1. d4 Nc6 2. Nf3 d5 3. e3 Bg4 4. Be2 e6 5. O-O Nf6 6. c4 dxc4 7. Bxc4 Bb4 8.
Nbd2 a6 9. a3 Ba5 10. b4 Nxb4 11. axb4 Bxb4 12. Qa4+ c6 13. Qxb4 b5 0-1

[Event "AUTO-INT-2999"]
[Site "http://www.queenalice.com/game.php?id=1381513"]
[Date "2015.9.5"]
[Round "2"]
[White "Tanatos"]
[Black "valdekovic"]
[Result "1-0"]
[WhiteElo "1551"]
[BlackElo "1589"]

1. e4 c5 2. Nf3 d6 3. Bb5+ Bd7 4. Bxd7+ Qxd7 5. d3 Nc6 6. O-O Nf6 7. Nc3 g6 8.
a3 Bg7 9. Bf4 O-O 10. Nd5 Nxd5 11. exd5 Nd4 12. Nxd4 cxd4 13. a4 Rac8 14. a5 1-0

[Event "AUTO-INT-2999"]
[Site "http://www.queenalice.com/game.php?id=1381514"]
[Date "2015.9.5"]
[Round "2"]
[White "Antakira"]
[Black "Tanatos"]
[Result "1-0"]
[WhiteElo "1840"]
[BlackElo "1536"]

1. e4 e5 2. Nf3 Nc6 3. Bb5 a6 4. Bxc6 dxc6 5. Nxe5 f6 6. Qh5+ g6 7. Nxg6 hxg6 8.
Qxh8 Nh6 9. d3 Be6 10. Bxh6 Qe7 11. Qxf8+ Qxf8 12. Bxf8 Kxf8 13. O-O f5 14. Nc3
1-0

[Event "AUTO-INT-2999"]
[Site "http://www.queenalice.com/game.php?id=1381515"]
[Date "2015.9.5"]
[Round "2"]
[White "Tanatos"]
[Black "Antakira"]
[Result "0-1"]
[WhiteElo "1569"]
[BlackElo "1821"]

1. e4 e5 2. Nf3 Bd6 3. Bc4 c6 4. d3 h6 5. O-O Nf6 6. Nc3 b5 7. Nxb5 cxb5 8. Bd5
Nxd5 9. exd5 O-O 10. c4 e4 11. dxe4 bxc4 12. a4 a5 13. e5 Bb4 14. Bd2 Bxd2 15.
Nxd2 Ba6 16. Re1 Qb6 17. Rc1 Qb4 18. Rb1 c3 19. bxc3 Qxc3 20. Rc1 Qd4 21. Nf3
Qxd1 22. Rexd1 Be2 23. Rd2 Bxf3 24. gxf3 Na6 25. e6 fxe6 26. dxe6 dxe6 27. Rc6
Kf7 28. Rdd6 Nb8 29. Rc7+ Kf6 30. Rd4 Na6 31. Rf4+ Kg6 32. Rxf8 Rxf8 33. Kg2
Nxc7 0-1

[Event "Challenge"]
[Site "http://www.queenalice.com/game.php?id=1384178"]
[Date "2015.9.19"]
[Round "-"]
[White "vivoferreira"]
[Black "Tanatos"]
[Result "1-0"]
[WhiteElo "1679"]
[BlackElo "1582"]

1. e4 e5 2. Nf3 Nc6 3. Nc3 Nf6 4. d4 exd4 5. Nxd4 Nxd4 6. Qxd4 b6 7. Bg5 Be7 8.
e5 c5 9. Qe3 Ng4 10. Qf3 d6 11. Bxe7 Qxe7 12. Qxa8 Qxe5+ 13. Be2 O-O 14. O-O-O
Nxf2 15. Bf3 Nxh1 16. Rxh1 Qe3+ 17. Kb1 Bg4 18. Qd5 Bxf3 19. gxf3 Re8 20. Qxd6
Qxf3 21. Rd1 g6 22. a3 Re6 23. Qb8+ Kg7 24. Qxa7 Qf2 25. Qb8 Qe2 26. Nxe2 Rxe2
27. Rf1 1-0

[Event "Challenge"]
[Site "http://www.queenalice.com/game.php?id=1384179"]
[Date "2015.9.19"]
[Round "-"]
[White "Tanatos"]
[Black "vivoferreira"]
[Result "1-0"]
[WhiteElo "1561"]
[BlackElo "1693"]

1. e4 c5 2. c4 e6 3. e5 Nc6 4. g3 Nxe5 5. Nh3 Nxc4 6. Bxc4 d5 7. Bb5+ Bd7 8.
Bxd7+ Qxd7 9. O-O Nf6 10. d4 c4 11. Nc3 Bb4 12. Qf3 b5 13. Bg5 Be7 14. a4 bxa4
15. Nxa4 Qxa4 16. Rxa4 O-O 17. Rfa1 Rfe8 18. Bxf6 Bxf6 19. Rxa7 Rab8 20. Ng5 h6
21. Nxf7 Rxb2 22. Nd6 Rd8 23. Ra8 Kh7 24. R1a7 Rxd6 25. Qxf6 Rb1+ 26. Kg2 1-0

[Event "Challenge"]
[Site "http://www.queenalice.com/game.php?id=1395320"]
[Date "2015.11.21"]
[Round "-"]
[White "Tanatos"]
[Black "vivoferreira"]
[Result "0-1"]
[WhiteElo "1547"]
[BlackElo "1663"]

1. e4 c5 2. Nf3 e6 3. Ne5 g6 4. Bc4 Bg7 5. Qf3 Bxe5 6. O-O Nc6 7. Nc3 Qc7 8. Nd5
Bxh2+ 9. Kh1 exd5 10. Bxd5 Ne5 11. Qh3 Bf4 12. g3 d6 13. Qh4 Bh6 14. d3 Ne7 15.
Bxh6 Nf3 16. Qf4 Ne5 17. Qf6 Rg8 18. Bxf7+ Nxf7 19. Bg5 b6 20. c4 Qd7 21. Kg2
Nxg5 22. Qxg5 Rf8 23. Rfe1 Qh3+ 24. Kg1 Bb7 25. Rac1 Nf5 26. exf5+ Kd7 27. Re7+
Kc8 28. Re4 Bxe4 29. dxe4 gxf5 0-1

[Event "Challenge"]
[Site "http://www.queenalice.com/game.php?id=1395321"]
[Date "2015.11.21"]
[Round "-"]
[White "vivoferreira"]
[Black "Tanatos"]
[Result "1-0"]
[WhiteElo "1602"]
[BlackElo "1561"]

1. e4 e5 2. Nf3 Nc6 3. Bc4 Nf6 4. Ng5 d5 5. exd5 h6 6. Nxf7 Kxf7 7. dxc6+ Nd5 8.
Qf3+ Ke8 9. Bxd5 Qf6 10. Qxf6 gxf6 11. cxb7 Bxb7 12. Bxb7 Rb8 13. Bc6+ Kd8 14.
Nc3 Rg8 15. g3 Rb6 16. Bg2 Bc5 17. d3 Bb4 18. Bd2 1-0